000 00159nam a22000857a 4500
082 _a823
100 _aBLYTON, ENID
245 _a5TH FORM AT ST CLARES
942 _cBK
999 _c8122
_d8122